Statistics for Anime by BAD DESCRIPTION

Click here to take the quiz!

General Stats

  • This quiz has been taken 23,933 times
  • The average score is 12 of 25

Answer Stats

Bad DescriptionAnime% Correct
Bald guy wins with one punch.One Punch Man
89%
Highschool kid finds black book on the floor and decides to become god.Death Note
82%
Large humanoid creatures destroying walls and eating people.Attack on Titan
78%
Kid wants to be a hero but doesn't have what it takes.My Hero Academia
77%
Boy fights his way through virtual reality game where death is fatal.Sword Art Online
74%
Space bounty hunters never get the bounty.Cowboy Bebop
62%
Midget and suit of armor look for rocks.Fullmetal Alchemist
61%
Guy suddenly has a face growing on his hand and becomes an edgy teen.Parasyte the Maxim
60%
Kids who turn into weapons collect souls.Soul Eater
59%
Mad scientist microwaves a banana and figures out the secret to time travel.Steins;Gate
57%
NEET siblings play a chess game and are sent to a game world.No Game No Life
55%
Satan gets a dead-end job.The Devil is a Part-Timer
53%
Bookworm discovers the wonders of coffee after his first dinner date and decides to work for a coffee shop.Tokyo Ghoul
51%
Unpopular god does errands for 5 yen.Noragami
49%
Bunch of people get phone diaries and have to kill each other to become God.The Future Diary
49%
Failed manga artist goes back 18 years to prevent the murder of his classmates.Erased
43%
Gender-bent girl joins boy club after breaking expensive vase.Ouran Highschool Host Club
40%
Kids are trapped in school with an evil bear and are made to kill each other.Danganronpa
37%
Kid gets powers from green haired girl in straight jacket and tries to overthrow an empire.Code geass
35%
School kid is imprisoned in a theme park for the murder of his entire class.Deadman Wonderland
27%
Boy seals contract with a demon to get revenge for his parent's murder.Black Butler
26%
Two gangster's kids date to prevent family fuedNisekoi
20%
All hell breaks loose on a train.Baccano
14%
Eccentric, god-like highschool girl forms supernaturals club.The Melancholy of Haruhi Suzumiya
12%
The setting is a cruel school where your studying conditions are affected by your grades. Follow a group of students as they band together and fight against this oppressive system.Baka and Test
6%

Score Distribution

Percentile by Number Answered

Percent of People with Each Score

Your Score History

You have not taken this quiz